| 000 | 01294nam a2200337 a 4500 | ||
|---|---|---|---|
| 001 | 8104599 | ||
| 003 | WaSeSS | ||
| 005 | 20140310181749.0 | ||
| 006 | m d | ||
| 007 | cr n | ||
| 008 | 960217s1995 ph a ob f001 0 eng d | ||
| 020 | _a9715420591 | ||
| 035 | _a(WaSeSS)ssj0000085092 | ||
| 040 |
_aDLC _cDLC _dWaSeSS |
||
| 042 | _alcode | ||
| 043 | _aa-ph--- | ||
| 050 | 0 | 0 |
_aHD 6195 _b.C172 1995 |
| 082 |
_2FIL 331.4 _bC14 1995 |
||
| 100 | 1 | _aCamagay, Maria Luisa T. | |
| 245 | 1 | 0 |
_aWorking women of Manila in the 19th century _h[electronic resource] / _cMa. Luisa Camagay. |
| 260 |
_a[Manila] : _bUniversity of the Philippines Press and the University Center for Women Studies, _c1995. |
||
| 300 |
_ax, 197 p. : _bill. ; _c23 cm. |
||
| 504 | _aIncludes bibliographical references (p. [131]-142) and index. | ||
| 506 | _aLicensed for access by U. of T. users. | ||
| 521 | _abasic ed. students | ||
| 650 | 0 |
_aWorking class women _zPhilippines _zManila. |
|
| 710 | 2 |
_aUniversity of the Philippines. _bUniversity Center for Women's Studies. |
|
| 856 | 4 | 0 |
_yACLS Humanities E-Book _uhttp://myaccess.library.utoronto.ca/login?url=http://hdl.handle.net/2027/heb.04441 |
| 942 |
_2lcc _cBK-FIL _kFIL |
||
| 949 |
_aHD6195.Z6 [ID ssj0000085092] _c1 _lONLINE _mE_RESOURCE _tE_RESOURCE |
||
| 999 |
_c3135 _d3135 |
||